000 00695nam a2200229 a 4500
001 000022922
005 20200930021855.0
008 101123s1958 sp 000 f spa d
040 _aDO-SdBNP
_bspa
_cBNPHU
082 _a863.6
_bB644bar
100 1 _aBlasco Ibáñez, Vicente,
_d1867-1928
_915017
245 1 3 _aLa barraca /
_cVicente Blasco Ibáñez.
260 _aBarcelona, España :
_bPlaneta,
_c1958.
300 _a252 p. ;
_c20 cm.
490 1 _aAutores españoles contemporáneos
650 4 _aNovela española
_91123
650 4 _aLiteratura española
_9632
650 4 _aNovela amorosa
_913334
830 0 _aAutores españoles contemporáneo
_96867
910 _aWM
049 _aBNGR
999 _c22419
_d22419